| 000 | 00486nam a22001697a 4500 | ||
|---|---|---|---|
| 003 | NUST - PNEC | ||
| 005 | 20170116181144.0 | ||
| 008 | 151008b xxu||||| |||| 00| 0 eng d | ||
| 020 | _a0761995250 | ||
| 040 | _cLIBRARY | ||
| 082 | _a658.827 KAP | ||
| 100 |
_914848 _aKapoor, Jagdeep, |
||
| 245 |
_a24 brand mantras : finding a place in the minds and hearts of consumersc _cJagdeep,Kapoor, |
||
| 260 | _cc2001. | ||
| 650 |
_914851 _aBrand name products _xGerneral |
||
| 942 |
_2ddc _cBK |
||
| 999 |
_c70605 _d70605 |
||